[Event "Muensterland Verbandsklasse 1819"]
[Site "Germany"]
[Date "2019.03.09"]
[Round "7.7"]
[White "Willermann, Norbert"]
[Black "Diepenbrock, Till"]
[Result "1/2-1/2"]
[WhiteElo "1579"]
[BlackElo "1786"]
[PlyCount "53"]
[EventDate "2018.09.15"]
[EventType "team-tourn"]
[EventRounds "9"]
[EventCountry "GER"]
[SourceTitle "EXT 2020"]
[Source "ChessBase"]
[SourceDate "2019.10.17"]
[SourceVersion "1"]
[SourceVersionDate "2019.10.17"]
[SourceQuality "1"]
[WhiteTeam "Emsdetten Rochade III"]
[BlackTeam "Nordwalde"]
[WhiteTeamCountry "GER"]
[BlackTeamCountry "GER"]

1. e4 e5 2. Nf3 Nc6 3. Bc4 Bc5 4. 0-0 Nf6 5. Nc3 d6 6. h3 Bd7 7. d3 Ne7 8. a3 Ng6 9. Ne2 Qc8 10. Kh2 Nh5 11. c3 b5 12. Ba2 0-0 13. d4 Bb6 14. dxe5 dxe5 15. Qd3 c6 16. Bg5 h6 17. Be3 Rd8 18. Bxb6 axb6 19. Qe3 c5 20. Bd5 Bc6 21. Bxc6 Qxc6 22. Rfd1 Nf6 23. Ng3 Rd7 24. Rd2 Rad8 25. Rad1 Rxd2 26. Rxd2 Rxd2 27. Nxd2 1/2-1/2

[Event "Muensterland Verbandsklasse-B 1011"]
[Site "Germany"]
[Date "2011.03.12"]
[Round "8.3"]
[White "Schroer, Klaus"]
[Black "Diepenbrock, Till"]
[Result "0-1"]
[WhiteElo "1932"]
[BlackElo "1773"]
[PlyCount "76"]
[EventDate "2010.09.18"]
[EventType "team-tourn"]
[EventRounds "9"]
[EventCountry "GER"]
[SourceTitle "EXT 2012"]
[Source "ChessBase"]
[SourceDate "2011.11.24"]
[SourceVersion "1"]
[SourceVersionDate "2011.11.24"]
[SourceQuality "1"]
[WhiteTeam "Borken"]
[BlackTeam "Nordwalde"]
[WhiteTeamCountry "GER"]
[BlackTeamCountry "GER"]

1. e4 e5 2. Nf3 Nc6 3. Bb5 Bc5 4. 0-0 d6 5. c3 Bd7 6. d4 exd4 7. cxd4 Bb6 8. Nc3 Nge7 9. Be3 0-0 10. a3 Bg4 11. Be2 d5 12. e5 Nf5 13. h3 Bxf3 14. Bxf3 Nce7 15. g4 Nxe3 16. fxe3 c6 17. Be2 Ng6 18. Bd3 Qg5 19. Qe1 Nh4 20. Qg3 f6 21. exf6 Rxf6 22. Rxf6 gxf6 23. Na4 Bc7 24. Qf2 Re8 25. Re1 h5 26. Bf5 hxg4 27. hxg4 Bg3 28. Bh7+ Kxh7 29. Qxg3 Nf5 30. Qh3+ Kg7 31. Kf2 Nxd4 32. Rh1 Qg6 33. Rc1 Nb3 34. Rc3 Nd2 35. Rc1 Nc4 36. Rc3 Nxe3 37. Rxe3 Qc2+ 38. Kf3 Qd1+ 0-1

[Event "Steinfurt Bezirk-ch"]
[Site "Rheine"]
[Date "2008.12.15"]
[Round "5"]
[White "Hemmert, Michael"]
[Black "Diepenbrock, Till"]
[Result "0-1"]
[WhiteElo "1911"]
[BlackElo "1731"]
[PlyCount "68"]
[EventDate "2008.10.20"]
[EventType "swiss"]
[EventRounds "7"]
[EventCountry "GER"]
[SourceTitle "EXT 2010"]
[Source "ChessBase"]
[SourceDate "2010.11.25"]
[SourceVersion "1"]
[SourceVersionDate "2010.11.25"]
[SourceQuality "1"]

1. f4 d5 2. g3 c5 3. Nf3 Nc6 4. Bg2 Nf6 5. 0-0 Bg4 6. d3 e6 7. Qe1 Bxf3 8. Bxf3 Nd4 9. Na3 c4 10. e3 Nxf3+ 11. Rxf3 Bxa3 12. bxa3 0-0 13. Rb1 Qc7 14. Bb2 cxd3 15. cxd3 Qc2 16. Qd1 Rfc8 17. Rf2 Qxd1+ 18. Rxd1 Rc6 19. h3 Rac8 20. Rdd2 Nd7 21. e4 dxe4 22. dxe4 Nf6 23. Rd4 Rc4 24. Rfd2 Rxd4 25. Rxd4 Kf8 26. a4 Rc2 27. Rb4 Nxe4 28. Ba3 Rxa2 29. Rb3+ Ke8 30. g4 b6 31. f5 Nd2 32. Rd3 Nc4 33. Bc1 Ra1 34. Kf2 Rxc1 0-1

[Event "Steinfurt Bezirk-ch"]
[Site "Rheine"]
[Date "2008.11.03"]
[Round "2"]
[White "Diepenbrock, Till"]
[Black "Brito, Daniel"]
[Result "0-1"]
[WhiteElo "1731"]
[BlackElo "1788"]
[PlyCount "98"]
[EventDate "2008.10.20"]
[EventType "swiss"]
[EventRounds "7"]
[EventCountry "GER"]
[SourceTitle "EXT 2010"]
[Source "ChessBase"]
[SourceDate "2010.11.25"]
[SourceVersion "1"]
[SourceVersionDate "2010.11.25"]
[SourceQuality "1"]

1. e4 d5 2. exd5 Qxd5 3. Nc3 Qa5 4. d4 Nf6 5. Nf3 c6 6. Be2 Bg4 7. 0-0 Nbd7 8. Bd2 Qc7 9. h3 Bh5 10. Re1 e6 11. Ng5 Bg6 12. Bc4 Bd6 13. Bxe6 0-0 14. Bxd7 Qxd7 15. Nce4 Be7 16. Nxf6+ Bxf6 17. c3 Rfe8 18. Nf3 Qf5 19. Qb3 b6 20. Qa4 Rec8 21. Re3 Qc2 22. Qxc2 Bxc2 23. Rae1 h6 24. g3 Rd8 25. Kg2 Bf5 26. Bc1 Be6 27. b3 Bd5 28. Kg1 Be6 29. Ne5 Bxe5 30. Rxe5 Bxh3 31. Bf4 Be6 32. R1e2 Rd7 33. b4 Rad8 34. a3 Kh7 35. Rb2 Bc4 36. Kg2 f6 37. Re1 g5 38. Bc1 Kg6 39. Kh2 h5 40. Kg2 Bd5+ 41. Kg1 Bf3 42. Re3 g4 43. Re1 Rh7 44. Bf4 h4 45. Rbb1 Kf5 46. Ra1 Rdh8 47. Rac1 hxg3 48. fxg3 Rh2 49. Re8 Rg2+ 0-1

[Event "Steinfurt Bezirk-ch"]
[Site "Rheine"]
[Date "2008.10.20"]
[Round "1"]
[White "Langhanke, Guenther"]
[Black "Diepenbrock, Till"]
[Result "1/2-1/2"]
[WhiteElo "2042"]
[BlackElo "1731"]
[PlyCount "55"]
[EventDate "2008.10.20"]
[EventType "swiss"]
[EventRounds "7"]
[EventCountry "GER"]
[SourceTitle "EXT 2010"]
[Source "ChessBase"]
[SourceDate "2010.11.25"]
[SourceVersion "1"]
[SourceVersionDate "2010.11.25"]
[SourceQuality "1"]

1. e4 e5 2. Nf3 Nc6 3. Bc4 Bc5 4. c3 Nf6 5. d4 exd4 6. e5 d5 7. Bb5 Ne4 8. cxd4 Bb4+ 9. Nbd2 Bg4 10. Qa4 Bxd2+ 11. Nxd2 Bd7 12. Nxe4 dxe4 13. 0-0 0-0 14. d5 Nxe5 15. Bxd7 Qxd7 16. Qxe4 Rfe8 17. Rd1 Rad8 18. Qd4 Nc6 19. Qc3 Re5 20. Bf4 Rxd5 21. Rxd5 Qxd5 22. Bxc7 Qd1+ 23. Qe1 Qxe1+ 24. Rxe1 Rc8 25. Bd6 f6 26. f3 Kf7 27. Kf2 Rd8 28. Bc5 1/2-1/2

[Event "Muensterland Verbandsklasse-A 0506"]
[Site "Germany"]
[Date "2006.05.06"]
[Round "9.8"]
[White "Diepenbrock, Till"]
[Black "Dau, Dietmar"]
[Result "1/2-1/2"]
[WhiteElo "1541"]
[BlackElo "1307"]
[PlyCount "31"]
[EventDate "2005.09.03"]
[EventType "team"]
[EventRounds "9"]
[EventCountry "GER"]
[SourceTitle "EXT 2006"]
[Source "ChessBase"]
[SourceDate "2005.11.24"]
[SourceVersion "1"]
[SourceVersionDate "2005.11.24"]
[SourceQuality "1"]
[WhiteTeam "Nordwalde"]
[BlackTeam "Ibbenbueren"]
[WhiteTeamCountry "GER"]
[BlackTeamCountry "GER"]

1. e4 c5 2. Nf3 d6 3. d4 cxd4 4. Nxd4 Nf6 5. Nc3 a6 6. Be2 Nc6 7. Be3 Nxd4 8. Qxd4 e5 9. Qb6 Qxb6 10. Bxb6 Be6 11. 0-0-0 Be7 12. f3 0-0 13. Bc7 Ne8 14. Bb6 Nf6 15. Bc7 Ne8 16. Ba5 1/2-1/2

[Event "Steinfurt Bezirksklasse 0506"]
[Site "Germany"]
[Date "2005.09.10"]
[Round "1.2"]
[White "Uiess, Heinz"]
[Black "Diepenbrock, Till"]
[Result "1-0"]
[WhiteElo "1643"]
[BlackElo "1541"]
[PlyCount "91"]
[EventDate "2005.09.10"]
[EventType "team-tourn"]
[EventRounds "7"]
[EventCountry "GER"]
[SourceTitle "EXT 2006"]
[Source "ChessBase"]
[SourceDate "2005.11.24"]
[SourceVersion "1"]
[SourceVersionDate "2005.11.24"]
[SourceQuality "1"]
[WhiteTeam "Steinfurt III"]
[BlackTeam "Nordwalde II"]
[WhiteTeamCountry "GER"]
[BlackTeamCountry "GER"]

1. d4 d5 2. c4 e6 3. Nf3 Nf6 4. Bg5 Nbd7 5. e3 Be7 6. Nc3 b6 7. cxd5 Nxd5 8. Nxd5 exd5 9. Bxe7 Qxe7 10. Qa4 0-0 11. Bb5 Nf6 12. Ne5 Bb7 13. Nc6 Bxc6 14. Bxc6 Rab8 15. 0-0 Qd6 16. h3 a6 17. Rac1 b5 18. Qc2 Ne4 19. f3 Nf6 20. Rfe1 Rfc8 21. Qc5 Qxc5 22. Rxc5 Rd8 23. Re2 Rb6 24. a4 Nd7 25. Bxd7 Rxd7 26. axb5 axb5 27. Rec2 Rb7 28. Kf2 Kf8 29. Ke2 Ke7 30. Kd3 Kd8 31. e4 dxe4+ 32. fxe4 Rd6 33. e5 Rh6 34. Ke4 Rh4+ 35. Kd5 Rf4 36. Rc6 Ra7 37. R6c5 Ra4 38. Rxb5 Kd7 39. b4 Ra2 40. Rxa2 c6+ 41. Kc5 cxb5 42. Kd5 Kc7 43. Kc5 Kb7 44. Rd2 Ka6 45. Kc6 g5 46. Ra2# 1-0

[Event "Steinfurt Bezirksklasse 0304"]
[Site "Germany"]
[Date "2004.02.07"]
[Round "6.5"]
[White "Raus, Christina"]
[Black "Diepenbrock, Till"]
[Result "1/2-1/2"]
[WhiteElo "1003"]
[BlackElo "1175"]
[PlyCount "142"]
[EventDate "2003.09.27"]
[EventType "team-tourn"]
[EventRounds "11"]
[EventCountry "GER"]
[SourceTitle "EXT 2005"]
[Source "ChessBase"]
[SourceDate "2004.11.15"]
[SourceVersion "1"]
[SourceVersionDate "2004.11.15"]
[SourceQuality "1"]
[WhiteTeam "Steinfurt IV"]
[BlackTeam "Nordwalde III"]
[WhiteTeamCountry "GER"]
[BlackTeamCountry "GER"]

1. e4 e5 2. Nf3 Nc6 3. Bc4 Bc5 4. d3 Nf6 5. Nc3 d6 6. 0-0 Bg4 7. h3 Bh5 8. g4 Bg6 9. Bg5 h5 10. Nd5 hxg4 11. hxg4 Qd7 12. Re1 Qxg4+ 13. Kf1 0-0-0 14. Nxf6 gxf6 15. Bxf6 Rh1+ 16. Ke2 Nd4+ 17. Kd2 Qf4+ 18. Kc3 Rxe1 19. Nxe1 Qxf6 20. f3 a5 21. b3 Qf4 22. Kb2 Nc6 23. Ng2 Qg3 24. Ne1 Bd4+ 25. c3 Bc5 26. Rc1 Rh8 27. a4 Rh2+ 28. Rc2 Rxc2+ 29. Kxc2 Bf2 30. Kd2 Bxe1+ 31. Qxe1 Qxe1+ 32. Kxe1 Ne7 33. d4 exd4 34. cxd4 c6 35. Kd2 d5 36. exd5 Nxd5 37. Bxd5 cxd5 38. f4 Kc7 39. Kc3 Kc6 40. b4 axb4+ 41. Kxb4 Kb6 42. a5+ Kc6 43. Ka4 Bc2+ 44. Kb4 Bd1 45. Kc3 Kb5 46. Kd3 f5 47. Ke3 Kxa5 48. Kd2 Kb4 49. Kxd1 Kc3 50. Ke2 Kc2 51. Kf3 b5 52. Kg3 b4 53. Kh4 b3 54. Kg5 b2 55. Kxf5 b1Q 56. Ke5 Qb8+ 57. Kxd5 Qxf4 58. Kc4 Qc7+ 59. Kd5 Kd3 60. Ke6 Qc4+ 61. Ke5 Qxd4+ 62. Kf5 Ke3 63. Ke6 Qc5 64. Kf6 Kf4 65. Ke6 Qe5+ 66. Kd7 Qf6 67. Kc7 Ke5 68. Kd7 Qd6+ 69. Ke8 Qc7 70. Kf8 Kf6 71. Kg8 Qg7# 1/2-1/2